Οι παράγοντες ικανοποίησης των γονέων από τις παρεχόμενες υπηρεσίες σε Σ.Μ.Ε.Α.Ε. : Διπλωματική εργασία [μεταπτυχιακή εργασία]

Αποθηκεύτηκε σε:
Λεπτομέρειες βιβλιογραφικής εγγραφής
Κύριος συγγραφέας: Ράνιος, Αθανάσιος
Συγγραφή απο Οργανισμό/Αρχή: Πανεπιστήμιο Αιγαίου Σχολή Ανθρωπιστικών Επιστημών Τμήμα Επιστημών της Προσχολικής Αγωγής και του Εκπαιδευτικού Σχεδιασμού Πρόγραμμα Μεταπτυχιακών Σπουδών Μοντέλα Σχεδιασμού και Ανάπτυξης Εκπαιδευτικών Μονάδων
Άλλοι συγγραφείς: Χρήστου, Ευάγγελος Σ. (Εισηγητής διατριβής)
Μορφή: Thesis Βιβλίο
Γλώσσα:Greek
Δημοσίευση: 2010
Θέματα:
Διαθέσιμο Online:http://hdl.handle.net/11610/14184
Ετικέτες: Προσθήκη ετικέτας
Δεν υπάρχουν, Καταχωρήστε ετικέτα πρώτοι!

MARC

LEADER 00000cam a2200000 i 4500
001 1/14025
008 110629s2010 gre d
035 |l 10110419 
040 |a GR-MY-UA  |b gre  |e aacr 
041 0 |a gre 
082 0 |a 371.9  |2 (22) 
100 1 |a Ράνιος, Αθανάσιος. 
245 1 3 |a Οι παράγοντες ικανοποίησης των γονέων από τις παρεχόμενες υπηρεσίες σε Σ.Μ.Ε.Α.Ε. :  |b Διπλωματική εργασία [μεταπτυχιακή εργασία] /  |c Αθανάσιος Ράνιος ; επιβλέπων: Ευάγγελος Χρήστου 
260 |c 2010 
300 |a 66 σ.;  |b πιν.;  |c 30 εκ. 
500 |a Μέλη εξεταστικής επιτροπής: Νικήτας Πολεμικός, Ποτίτσα Ξανθάκου 
502 |a Διατριβή (μεταπτυχιακή) – Πανεπιστήμιο Αιγαίου, Ρόδος, 2010. 
504 |a Βιβλιογραφία: σ. 46-48 
650 0 0 |a Special education. 
650 0 0 |a Learning disabilities. 
650 0 0 |a Teachers of people with disabilities  |x Study and teaching. 
650 0 0 |a Parents of children with disabilities. 
650 0 0 |a Dissertations, Academic  |z Greece. 
700 1 |4 ths  |a Χρήστου, Ευάγγελος Σ. 
710 2 |a Πανεπιστήμιο Αιγαίου   |b Σχολή Ανθρωπιστικών Επιστημών   |b Τμήμα Επιστημών της Προσχολικής Αγωγής και του Εκπαιδευτικού Σχεδιασμού   |b Πρόγραμμα Μεταπτυχιακών Σπουδών Μοντέλα Σχεδιασμού και Ανάπτυξης Εκπαιδευτικών Μονάδων . 
852 |a INST  |b RHODES  |c DIATR  |e 20110629  |h 371.9 ΡΑΝ  |p 005400033349  |q 005400033349  |t MTXE  |y 23 
852 |a INST  |b RHODES  |c DIATR  |e 20110629  |h 371.9 ΡΑΝ  |p 005400033552  |q 005400033552  |t MTXE  |y 23 
856 |u http://hdl.handle.net/11610/14184 
901 |a BIBL4-2011-2 
909 |a Ρ  |b 163778 
909 |a Ρ  |b 163779 
924 |a ΡΑΝΙΟΣ  |b ΑΘΑΝΑΣΙΟΣ  |y ΡΟΔΟΣ  |z 2011-06 
970 |z 2010/05/